=LDR 00000nam 2200000 4500 =001 INLIS000000000041366 =005 20130612150913 =008 ***********************************ind** =035 ##$$0010-061300000041366 =041 ##$$a ind =082 ##$$a R.339.42 =090 ##$$a R.339.42, Pen p =245 ##$$a Pengeluaran untuk konsumsi penduduk indonesia per provinsi, Eypenditure for consuption of indonesia by province berdasarkan hasil susenas panel maret 2010 =260 ##$$a 2011 $b Jakarta =300 ##$$a 322 hlm, 29 cm =650 ##$$a Biaya Dan Tingkat Hidup =710 ##$$a Badan Pusat Statistik =850 ##$$a NNT-CD